Groups and symmetry : a guide to discovering mathematics

Saved in:
Bibliographic Details
Main Author: Farmer, David W. 1963-
Format: Book
Language:English
Published: Providence, R.I. : American Mathematical Society, c1996
Series:Mathematical world ; ; 5
Subjects:
Tags: Add Tag
No Tags, Be the first to tag this record!

MARC

LEADER 00000nam a2200000 i 4500
001 1/91052
008 991013s1996 eng d
020 |a 0-8218-0450-2 
035 |l 10053400 
040 |a GR-MY-UA  |b gre  |e aacr 
041 0 |a eng 
082 0 |a 511.33 
100 1 |a Farmer, David W.  |d 1963- 
245 1 0 |a Groups and symmetry :  |b a guide to discovering mathematics /  |c David W. Farmer 
260 |a Providence, R.I. :   |b American Mathematical Society,   |c c1996 
300 |a vii, 102 p.;  |b ill.;  |c 26 cm. 
490 1 |a Mathematical world  |v ; 5 
500 |a Includes bibliographical references and index 
650 0 0 |a Group theory. 
650 0 0 |a Pattern perception. 
830 0 |a Mathematical world ;  |v ; 5 
852 |a INST  |b SAMOS  |e 19991013  |h 511.33 FAR  |p 005300012348  |q 005300012348  |t BK  |y 0 
901 |a BIBL3-1999-3 
909 |a Σ  |b 063417 
922 |a 3ΕΛΗ  |b 199907  |c ΕΠΕΑΕΚ/ΜΑΘ  |d ΠΑΠΑΣΩΤΗΡΙΟΥ 
970 |a ΠΟΥΡΝΑΡΑΣ  |b ΔΗΜΗΤΡΗΣ  |z 1999/10/13